| 000 | 00971nam a22003137a 4500 | ||
|---|---|---|---|
| 003 | CHAP | ||
| 005 | 20220329134156.0 | ||
| 008 | 971013s1964 r 00010 d | ||
| 010 | _a16573 | ||
| 011 | _a17545 | ||
| 035 | _a21628 | ||
| 040 | _cCHAP | ||
| 090 | _aFolleto 9443 | ||
| 100 | 0 | 0 |
_aJackson, D. C. _960802 |
| 245 | _aSludge sampling techniques for soil erosion research | ||
| 260 |
_aSalisbury, Rhodesia : _bDepartment of Conservation and Extension, _c1964 |
||
| 300 |
_a5 p. _b: ilus |
||
| 490 |
_aResearch bulletin _v; 12 |
||
| 590 |
_aBATCH-UPD _b10 _c20130110 _lUCH01 _h1611 |
||
| 590 |
_aBATCH-UPD _b10 _c20130410 _lUCH01 _h1006 |
||
| 590 |
_aBATCH-UPD _b10 _c20130914 _lUCH01 _h1315 |
||
| 590 |
_aCONVERSION _b10 _c20130109 _lUCH01 _h1310 |
||
| 650 | 1 | 4 |
_aErosión. _937335 |
| 650 | 1 | 4 |
_aMuestreo de suelos. _979287 |
| 830 | 0 |
_aResearch bulletin _v; 12 _996062 |
|
| 901 | _aBK | ||
| 942 | _cFOLL | ||
| 949 |
_aFolleto 9443 _bBC _cFOLL _d-50298 _eTS1 _i21628 _si |
||
| 999 |
_c16573 _d16573 |
||